Dinosaurs by Picture - Statistics

General Stats
  • This quiz has been taken 159 times
  • The average score is 5 of 16
Answer Stats
Picture Answer % Correct
Tyrannosaurus Rex
98%
Spinosaurus
91%
Triceratops
87%
Stegosaurus
82%
Allosaurus
66%
Quetzalcoatlus
22%
Styracosaurus
20%
FREE
17%
FREE
17%
Euoplocephalus
4%
Mamenchisaurus
4%
Dromaesaurus
1%
Veloociraptor
1%
Eustreptospondylus oxoniensis
0%
Nanotyrannus
0%
Opisthocoelicaudia
0%
No matching quizzes found
Score Distribution
Percent of People with Each Score
Percentile by Number Answered
Your Score History
You have not taken this quiz